LEADER 00964nam0-2200313---450- 001 990008594050403321 005 20080514132213.0 020 $aIT$b787504 035 $a000859405 035 $aFED01000859405 035 $a(Aleph)000859405FED01 035 $a000859405 100 $a20071211d1978----km-y0itay50------ba 101 0 $aita 102 $aIT 105 $ay-------001yy 200 1 $a<>momento tecnico nell'architettura$einfluenza della concezione sistemica nell'edilizia industrializzata$fP. A. Cetica, B. Giromella 210 $aFirenze$cLibreria editrice fiorentina$d1978 215 $a151 p.$cill.$d21 cm 676 $a729$v18$zita 700 1$aCetica,$bPier Angelo$f<1931- >$0334326 701 1$aGiromella,$bBruno$023590 801 0$aIT$bUNINA$gRICA$2UNIMARC 901 $aBK 912 $a990008594050403321 952 $a174025$b2891$fDCATA 959 $aDCATA 996 $aMomento tecnico nell'architettura$9712749 997 $aUNINA LEADER 01340nam2-2200397li-450 001 990000129520203316 005 20180312154715.0 010 $a88-339-0492-X 035 $a0012952 035 $aUSA010012952 035 $a(ALEPH)000012952USA01 035 $a0012952 100 $a2001990111989-------y0itay0103----ba 101 0 $aita 102 $aIT 200 1 $aEinstein aveva ragione$ele prove sperimentali della relativita' generale$fClifford M. Will$g[traduzione di Alberta Rebaglia] 210 $aTorino$cBollati Boringhieri$dcopyr. 1989 215 $a229 p.$cill.$d21 cm 225 2 $aSuperuniversale$v0 300 $atrad di: was einstain right? : putting general relativity to the test 410 0$10010012953$12001$aSuperuniversale 610 1 $arelativita' generale 676 $a53011$9Teoria della relativita' 700 1$aWill,$bClifford M.$0464279 801 $aSistema bibliotecario di Ateneo dell' Università di Salerno$gRICA 912 $a990000129520203316 951 $a530.11 WIL$b12314/CBS$c530.11$d00219311 959 $aBK 969 $aSCI 979 $c19901105 979 $c20001110$lUSA01$h1711 979 $c20020403$lUSA01$h1620 979 $aPATRY$b90$c20040406$lUSA01$h1610 979 $aRSIAV7$b90$c20090713$lUSA01$h1335 996 $aEinstein aveva ragione?$91103280 997 $aUNISA